000 00988cam a22001934a 4500
005 20250605164123.0
008 250528s ||||||||||||||||||||||||d
035 _a18346
020 _a9608249092
040 _aGR-AtMCL
_bgre
_dGR-AtMCL
_eAACR2
245 1 _aΚοινωνιολογία / Η Κοινωνιολογική Θεωρία Τόμος Α'
260 _c2001
300 _a208
520 _aΠρόλογος, Εισαγωγή, Οι Πρώτοι Θεωρητικοί, Οι Κλασσικοί Κοινωνιολόγοι, Κοινωνιολογικές Θεωρήσεις, Άλλοι Θεωρητικοί του ΧΧου Αιώνα, Κοινωνιολογική Θεωρία: Επιλογή Κειμένων, Αντί Επιλόγου: Η Κοινωνιολογία στην Ανώτατη Εκπαίδευση στην Ελλάδα, Βιβλιογραφία.
700 1 _aΝίνα - Παζαρζή Ελένη
_94620
942 _cBK
999 _c3709
_d3709